Szczegóły MARC21

Ekonomika i organizacja przedsiębiorstwa przemysłowego : skrypt dla studentów kierunku ekonomika przemysłu /

003 -Nazwa inst., której nr kontr. jest w polu 001 [,]
    • @
    • Nazwa instytucji, której n kontrolny jest w polu 001
    • NUKAT
005 -DATA I CZAS OSTATNIEJ MODYFIKACJI [,]
    • @
    • pole kontrolne
    • 20241231112234.0
040 -Instytucja sporządzająca opis [ , ]
    • a
    • Instytucja, która sporządziła opis (NP)
    • SZCZ U/MC
    • b
    • Język katalogowania
    • pol
    • e
    • Zasady katalogowania
    • rda
    • c
    • Instytucja, która sporządziła rekord (NP)
    • SZCZ U/MCs
    • d
    • Instytucja, która zmodyfikowała rekord (P)
    • SZCZ U/MC
942 -Rodzaj dokumentu [ , ]
    • c
    • Rodzaj dokumentu
    • Książka
100 -Hasło główne - nazwa osobowa [1, ]
    • a
    • Nazwa osobowa (NP)
    • Białasiewicz, Maria.
    • e
    • Rodzaj współpracy
    • Autor
    • 9
    • KHW
    • 20620
245 -Strefa tytułu i oznaczenia odpowiedzialności [1,0]
    • a
    • Tytuł
    • Ekonomika i organizacja przedsiębiorstwa przemysłowego : Find
    • b
    • Ciąg dalszy tytułu (NP)
    • skrypt dla studentów kierunku ekonomika przemysłu / Find
    • c
    • Pozostałe elementy strefy tytułu i oznaczenia odpowiedzialności (NP)
    • Maria Białasiewicz, Tadeusz Buczkowski, Władysław Janasz, Gerard Kowalewski, Zdzisław Łaski ; Uniwersytet Szczeciński.
250 -Strefa wydania [ , ]
    • a
    • Oznaczenie wydania (NP)
    • Wydanie III, zmienione.
260 -Strefa adresu wydawniczego [ , ]
    • a
    • Miejsce wydania (P)
    • Szczecin :
    • b
    • Nazwa wydawcy (P)
    • Wydawnictwo Naukowe Uniwersytetu Szczecińskiego,
    • c
    • Data wydania (P)
    • 1990.
300 -Strefa opisu fizycznego [ , ]
    • a
    • Określenie formy książki i/lub objętość (NP)
    • 626 stron :
    • b
    • Oznaczenie ilustracji (NP)
    • ilustracje ;
    • c
    • Format (NP)
    • 24 cm.
336 -Typ zawartości [ , ]
    • a
    • Termin opisujący typ zawartości
    • Tekst
    • b
    • Kod określający zawartość
    • txt
    • 2
    • Źródło (terminu i kodu)
    • rdacontent
337 -Typ mediów [ , ]
    • a
    • Tryb odtwarzania
    • Bez urządzenia pośredniczącego
    • b
    • Kod typu mediów
    • n
    • 2
    • Źródło (terminu i kodu)
    • rdamedia
338 -Typ/rodzaj nośnika [ , ]
    • a
    • Hasło opisujące typ nośnika
    • Wolumin
    • b
    • Kod typu nośnika
    • nc
    • 2
    • Źródło (terminu i kodu)
    • rdacarrier
504 -Uwaga dot. bibliogr. załącznikowej [ , ]
    • a
    • Uwaga dot. bibliografii załącznikowej
    • Bibliografia przy rozdziałach.
650 -Hasło przedmiotowe [ ,7]
    • a
    • Hasło przedmiotowe
    • Ekonomika przemysłu
    • v
    • Określnik formalny
    • podręczniki akademickie.
    • 2
    • Źródło terminu
    • kaba
    • 9
    • KHW
    • 359175
700 -Hasło dodatkowe - nazwa osobowa [1, ]
    • a
    • Nazwa osobowa (NP)
    • Buczkowski, Tadeusz. Find
    • e
    • Określenie rodzaju współpracy
    • Autor
    • 9
    • KHW
    • 555537
700 -Hasło dodatkowe - nazwa osobowa [1, ]
    • a
    • Nazwa osobowa (NP)
    • Janasz, Władysław Find
    • d
    • Daty biograficzne (NP)
    • (1940- ).
    • e
    • Określenie rodzaju współpracy
    • Autor
    • 9
    • KHW
    • 43427
700 -Hasło dodatkowe - nazwa osobowa [1, ]
    • a
    • Nazwa osobowa (NP)
    • Kowalewski, Gerard. Find
    • e
    • Określenie rodzaju współpracy
    • Autor
    • 9
    • KHW
    • 478092
700 -Hasło dodatkowe - nazwa osobowa [1, ]
    • a
    • Nazwa osobowa (NP)
    • Łaski, Zdzisław Find
    • d
    • Daty biograficzne (NP)
    • (1931-1993).
    • e
    • Określenie rodzaju współpracy
    • Autor
    • 9
    • KHW
    • 23206
710 -Hasło dodatkowe - nazwa ciała zbiorowego [2, ]
    • a
    • Nazwa ciała zbiorowego lub nazwa geograficzna jako pierwszy element (NP)
    • Uniwersytet Szczeciński.
    • e
    • Rodzaj współpracy
    • Instytucja sprawcza
    • 9
    • KHW
    • 9119
710 -Hasło dodatkowe - nazwa ciała zbiorowego [2, ]
    • a
    • Nazwa ciała zbiorowego lub nazwa geograficzna jako pierwszy element (NP)
    • Uniwersytet Szczeciński.
    • b
    • Nazwa jednostki podrzędnej (P)
    • Wydawnictwo Naukowe.
    • e
    • Rodzaj współpracy
    • Wydawca
    • 4
    • Kod relacji
    • pbl
    • 9
    • KHW
    • 51208
Data inwentaryzacji Lokalizacja Sygnatura Numer inwentarzowy Status udost.
1997-01-01BE S.721612
1997-01-01BE S.721622
1997-01-01BE S.721642
1997-01-01BE S.721652
1997-01-01BE S.721662
1997-01-01BE S.721672
1997-01-01BE S.721682
1997-01-01BE S.721692
1997-01-01BE S.721702
1997-01-01BE S.721712
1997-01-01BE S.721722
1997-01-01BE S.721732
1997-01-01BE S.721742
1997-01-01BE S.721752
1997-01-01BE S.721762
1997-01-01BE S.721772
1997-01-01BE S.721782
1997-01-01BE S.721792
1997-01-01BE S.721802
1997-01-01BE S.721812
1997-01-01BE S.721822
1997-01-01BE S.721832
1997-01-01BE S.721842
1997-01-01BE S.721852
1997-01-01BE S.721862
1997-01-01BE S.721872
1997-01-01BE S.721882
1997-01-01BE S.721892
1997-01-01BE S.721902
1997-01-01BE S.721922
1997-01-01BE S.721932
1997-01-01BE S.721942
1997-01-01BE S.721952
1997-01-01BE S.721962
1997-01-01BE S.721972
1997-01-01BE S.721982
1997-01-01BE S.721992
1997-01-01BE S.722002
1997-01-01BE S.722012
1997-01-01BE S.722022
1997-01-01BE S.722032
1997-01-01BE S.722042
1997-01-01BE S.722052
1997-01-01BE S.722062
1997-01-01BE S.722072
1997-01-01BE S.722082
1997-01-01BE S.722092
1997-01-01BE S.722102
1997-01-01BE S.722112
1997-01-01BE S.713452
1997-01-01BE S.713462
1997-01-01BE S.713472
1997-01-01BE S.713482
1997-01-01BE S.713492
1997-01-01BE S.713502
1997-01-01BE S.713512
1997-01-01BE S.713522
1997-01-01BE S.71353-3
1997-01-01BE S.776592
1997-01-01BE S.776602
1997-01-01BE S.776612
1997-06-19BE S.804442
1997-01-01BE S.721632
1997-01-01BE E.599492
 BE S.77662-11
 BE S.72191-3
1997-01-01BSASA.5072SA.50721